Valoración comparada de la biodiversidad utilizada en cuatro sistemas de producción y extracción colombianos rurales contrastantes (Registro nro. 4560)

Detalles MARC
000 -CABECERA
Campo de control 00733nam a2200217 a 4500
005 - FECHA Y HORA DE LA ULTIMA TRANSACCION
Campo de control 20160820020003.0
008 - ELEMENTOS DE LONGITUD FIJA—INFORMACION GENERAL
Campo de control 131218b1998 ck ||||| |||| 00| 0 spa d
041 ## - IDIOMA
Código de idioma para texto/pista de sonido o título separado Español
044 ## - PAÍS DE PUBLICACIÓN
País de publicación Colombia
090 ## - CLASIFICACIÓN LOCAL
Colección LB
Consecutivo 04111
100 1# - ASIENTO PRINCIPAL--NOMBRE PERSONAL
Nombre personal Crizon, Isabel
245 10 - MENCION DE TITULO
Título Valoración comparada de la biodiversidad utilizada en cuatro sistemas de producción y extracción colombianos rurales contrastantes
Mención de responsabilidad Isabel, Crizon
260 ## - PUBLICACION, DISTRIBUCION, ETC. (PIE DE IMPRENTA)
Lugar de publicación, distribución, etc. Bogotá
Nombre del editor, distribuidor, etc. Pontificia Universidad Javeriana
Fecha de publicación, distribución, etc. 1998
300 ## - DESCRIPCION FISICA
Extensión 78 p.
Dimensiones 28 cm.
650 24 - ASIENTO SECUNDARIO DE MATERIA - TERMINO TEMATICO
Término temático o nombre geográfico como elemento de entrada Sistemas de información geográfica
650 24 - ASIENTO SECUNDARIO DE MATERIA - TERMINO TEMATICO
Término temático o nombre geográfico como elemento de entrada Productos forestales
650 24 - ASIENTO SECUNDARIO DE MATERIA - TERMINO TEMATICO
Término temático o nombre geográfico como elemento de entrada Fibras vegetales
700 1# - ASIENTO SECUNDARIO - NOMBRE PERSONAL
Nombre personal Etter, Andrés
942 ## - ELEMENTOS ADICIONALES (KOHA)
Tipo de ítem Impreso
Sistema de clasificación Local
Koha issues (borrowed), all copies 1
945 ## - PROCESAMIENTO LOCAL
AAAA-MM-DD - Fecha de ingreso o modificacion 2005-06-13
Existencias
Withdrawn status Lost status Sistema de Clasificación Damaged status No para préstamo Colección Inventariado Ubicación Permanente Ubicación actual Fecha de adquisición Total Checkouts Total Renewals Número topográfico Inventario / Código de Barras Date last seen Date checked out Ejemplar Price effective from Forma de adquisición Tipo de material
    Local     General Inventariado 2017 Bogotá Bogotá 13/06/2005 2 1 LB-04111 019069 12/11/2015 04/12/2013 Ej. 1 04/12/2012   Informe Técnico
    Local     General Inventariado 2017 Villa de Leyva Villa de Leyva 01/05/2008 1   LB-04111 025947 19/08/2016 19/08/2016 Ej. 2 04/12/2012   Informe Técnico